Wszystkie mecze reprezentacji Polski w Lidze Narodów - Statystyki

Ogólne statystyki
  • Ten quiz został rozwiązany 336 razy
  • Średni wynik to 14 z 16
Statystyki odpowiedzi
Rok Wynik Reprezentacja % Poprawnych
2020 0-1 Holandia
94%
2020 1-2 Holandia
94%
2022 2-2 Holandia
94%
2022 0-2 Holandia
94%
2022 1-6 Belgia
93%
2022 0-1 Belgia
93%
2018 2-3 Portugalia
89%
2018 1-1 Portugalia
89%
2018 1-1 Włochy
89%
2018 0-1 Włochy
89%
2020 0-0 Włochy
89%
2020 0-2 Włochy
89%
2022 2-1 Walia
88%
2022 1-0 Walia
88%
2020 2-1 Bośnia i Hercegowina
68%
2020 3-0 Bośnia i Hercegowina
68%
Nie znaleziono quizów pasujących do podanych kryteriów
Rozkład punktacji
Procent ludzi z każdym wynikiem
Percentyl według liczby udzielonych odpowiedzi
Twoja historia wyników
Nie rozwiązałeś tego quizu